| 000 | 00614nam a22002057a 4500 | ||
|---|---|---|---|
| 999 |
_c20925 _d20925 |
||
| 003 | AR-CdUCM | ||
| 008 | 190402b ||||| |||| 00| 0 spa d | ||
| 040 |
_aMUNICIPALIDAD PROVINCIAL DEL CUSCO _cBIBLIOTECA MUNICIPAL DEL CUSCO |
||
| 082 |
_aEP / 372.64 / _bV27 |
||
| 100 |
_aVallvé, M. _943660 |
||
| 245 | _aPedrin y la casa de fieras / | ||
| 260 |
_c1952. _aEspaña : _bMolino, |
||
| 300 |
_bIlustraciones, _c32 cm. _a15 páginas |
||
| 505 | _aContenido : Cuento. | ||
| 650 |
_a Literatura infantil _9588 |
||
| 650 |
_aCuentos. _9217 |
||
| 700 |
_aBocquet, J.P. _943661 |
||
| 942 |
_2ddc _cLIBROS |
||
| 945 | _arcc | ||